| 000 | 01291nam a2200229Ia 4500 | ||
|---|---|---|---|
| 003 | Ost | ||
| 005 | 20260507075804.0 | ||
| 008 | 260507s9999||||xx |||||||||||||| ||und|| | ||
| 020 | _a9789947264928 | ||
| 040 | _cfsecg | ||
| 041 | _aara | ||
| 082 | _a657.46 | ||
| 100 |
_aبديسي، فهيمة _eمؤلف |
||
| 245 | 0 |
_aالمحاسبة التحليلية : _bدروس وتمارين محلولة / _c فهيمة بديسي |
|
| 260 |
_aالجزائر: _bدار الهدى للطباعة والنشر والتوزيع, _c2013 |
||
| 300 |
_a302 صفحة؛ _bإيضاحات ؛ _c23 سم |
||
| 504 | _aالمراجع ص.297 | ||
| 520 | _aيضم أساسيات المحاسبة التحليلة، التحليل الوظيفي للأعباء، محاسبة المواد، حالات خاصة، المعالجة المحاسبية للأعباء المباشرة والأعباء غير المباشرة طريقة الأقسام المتجانسة، طريقة الأعباء الثابتة والمتغيرة، طريقة التحميل العقلاني للأعباء الثابتة، طريقة التكاليف التقديرية، طريقة التكاليف الهامشية . | ||
| 653 | _aالمحاسبة | ||
| 653 | _aالمحاسبة التحليلية | ||
| 942 | _cكتاب | ||
| 999 |
_c46350 _d46350 |
||